[Event "Oberliga NRW 9798 I"]
[Site "Germany"]
[Date "1997.??.??"]
[Round "1.8"]
[White "Mackenberg, Hubert"]
[Black "Krug, Reinhard"]
[Result "1/2-1/2"]
[WhiteElo "1947"]
[BlackElo "2046"]
[PlyCount "30"]
[EventDate "1997.10.??"]
[EventType "team"]
[EventRounds "9"]
[EventCountry "GER"]
[SourceTitle "EXT 1999"]
[Source "ChessBase"]
[SourceDate "1998.11.16"]
[SourceVersion "1"]
[SourceVersionDate "1998.11.16"]
[SourceQuality "1"]
[WhiteTeam "Lippstadt Turm"]
[BlackTeam "Palenberg"]
[WhiteTeamCountry "GER"]
[BlackTeamCountry "GER"]

1. e4 c5 2. Nf3 d6 3. d4 cxd4 4. Nxd4 Nf6 5. Nc3 a6 6. Be2 g6 7. Be3 Bg7 8. Qd2 0-0 9. Bh6 Qa5 10. Bxg7 Kxg7 11. Bf3 Nc6 12. 0-0 Bg4 13. Bxg4 Nxg4 14. Nxc6 bxc6 15. Qd4+ Qe5 1/2-1/2